000 01420nam0a2200361 4500
001 RU\NLR\BIBL_A\021957202
005 20260405224146.0
010 _a978-5-00185-294-0
_bПросвещение-Союз
010 _a978-5-09-104502-4
_bПросвещение
_9600
021 _aRU
_b2023-29981
_9КН-П-2964
035 _a(NLR Aleph) 021957202
035 _a(RuMoRGB)011775650
090 _a12305226
_c12305226
100 _a20230606d2023 |||y0rusy50 ca
101 1 _arus
_cund
102 _aRU
105 _aac z 000ay
181 0 _ai3
_baxxe
181 0 _ab2
_bxb2e
182 0 _an
200 1 _aКалевала
_f[в переводе Э. А. Гранстрема]
203 _aТекст
_aИзображение
_bвизуальные
_cнепосредственные
210 _aМосква
_cПросвещение
_d2023
215 _a203, [2] с.
_cил., цв. ил., портр.
_d26
333 _aДля детей старше 6 лет
605 _a"Калевала"
_lкарело-финский эпос
_91232204
_3RU\NLR\AUTH\66502552
686 1 _aШ3(0)966-611"Калевала"
702 1 _4730
_8rus
_7ca
_aГранстрем
_bЭ. А.
_cписатель
_f1843-1918
_gЭдуард Андреевич
_3RU\NLR\AUTH\77102271
_985197
942 _cBOOK
980 _aNB